=LDR 00000nam 2200000 4500 =001 INLIS000000000028516 =005 20140322105521.0 =006 =007 =008 Ind =035 ##$$a 0010-061300000028516 =041 ##$$a Ind =082 ##$$a 658 =090 ##$$a 658, Amb m =100 ##$$a Ambadar, Jackie =245 ##$$a Mulai usaha dari nol, Jackie Ambadar; Miranty Abidin; Yanty Isa =260 ##$$a Jakarta $b Yayasan Bina Karsa Mndiri $c 2005 =300 ##$$a xi, 117 hlm, ilus, 17 cm =650 ##$$a Manajemen =850 ##$$a NBPNMAT =990 ##$$a 91122/BPAP-NTB/2014 =990 ##$$a 30709671